000
00295nam a2200121Ia 4500
008
240624s9999 xx 000 0 und d
041
_a
eng
082
_a
519.5 JAG
100
_a
JAGGIA SANJIV
245
_a
BUSINESS STATISTICS
260
_c
2013
_a
New Delhi
_b
Tata McGraw - Hill
365
_c
RS
_b
33
999
_c
25921
_d
25921